Stiftung Moritzburg Halle/Saale
| Titel: | Stiftung Moritzburg Halle/Saale : Fotografie sammeln, bewahren, vermitteln: ein Erfahrungsbericht |
|---|---|
| Verfasser: | |
| In: |
Rundbrief Fotografie, Band 17, Heft 1 (2010), Seite 14-17 alle Artikel anzeigen |
| Veröffentlicht: | 2010 |
| Format: | Aufsatz |
X
alg: 44201165 001A $03036:30-01-19 001B $01999:30-01-19 $t23:08:46.000 001D $03036:30-01-19 001U $0utf8 001X $00 002@ $0Aox 003@ $0442011652 007A $0442011652 $aHEB 007T $0ArchMa18787 011@ $a2010 021A $aStiftung Moritzburg Halle/Saale $dFotografie sammeln, bewahren, vermitteln: ein Erfahrungsbericht 028A $aSchmidt $dFranziska 031A $d17 $e1 $h14-17 $j2010 039B $aIn $8--Abvc--. Rundbrief Fotografie. - Berlin : Deutscher Kunstverlag, 1993-. - ISSN 0945-0327 $x201000000170001986 $9048641111 045T $a9,11 $a24,1 lok: 44201165 105 exp: 44201165 105 1 #EPN 201B/01 $030-01-19 $t15:16:17.000 201C/01 $030-01-19 201U/01 $0utf8 203@/01 $01042390452 208@/01 $a13-12-18 $be 209A/01 $a/ $f106 $x00 245Z/01 $a2.16.04.03. $bArchivwissenschaft und Archivtheorie / Archivaliengattungen / Bild- und Tonträger / Fotos $x01 245Z/01 $a3.16.02. $bArchivwesen des Bundes- und der deutschen Bundesländer / Sachsen-Anhalt / Archive und Archivbestände $x02 247C/01 $8->Marburg, Bibliographie zum Archivwesen der Archivschule Marburg $939588196X
| LEADER | 00000caa a22000002c 4500 | ||
|---|---|---|---|
| 001 | 442011652 | ||
| 003 | DE-603 | ||
| 005 | 20190130230846.0 | ||
| 007 | tu | ||
| 008 | 190130s2010 xx |||| | u00||u|und c | ||
| 035 | |a (DE-599)HEB442011652 | ||
| 040 | |a DE-603 |b ger |c DE-603 |d DE-603 | ||
| 084 | |a 9,11 |a 24,1 |2 ssgn | ||
| 100 | 1 | |a Schmidt, Franziska | |
| 245 | 0 | 0 | |a Stiftung Moritzburg Halle/Saale |b Fotografie sammeln, bewahren, vermitteln: ein Erfahrungsbericht |
| 264 | 0 | |c 2010 | |
| 773 | 0 | 8 | |i In |t Rundbrief Fotografie |d Berlin : Deutscher Kunstverlag, 1993- |h 30 cm |x 0945-0327 |g Band 17, Heft 1 (2010), Seite 14-17 |w (DE-603)048641111 |w (DE-600)1176458-2 |
| 924 | 0 | |9 - |a (DE-603)1042390452 |b DE- |c HES |d d |g / | |